| 000 | 00645nam a22002177a 4500 | ||
|---|---|---|---|
| 005 | 20251108174538.0 | ||
| 008 | 250721s2007 xx 000 0 ara d | ||
| 020 | _a9957063545 | ||
| 082 | 1 | 4 | _a153.4/قطا |
| 100 | 1 |
_aقطامي، يوسف _eمؤلف |
|
| 245 | 1 | 0 | _aتعليم التفكير لجميع الأطفال / |
| 264 | 1 |
_aعمان : _bدار المسييرة للنشر و التعليم، _c2007. |
|
| 300 | _a646 ص. | ||
| 650 | 1 | 7 | _aالتفكير |
| 650 | 1 | 7 | _aالابداعيه |
| 650 | 1 | 7 | _aالتفكير المبدع |
| 650 | 1 | 7 | _aالتعلم |
| 650 | 1 | 7 | _aالاطفال |
| 942 |
_2ddc _cBK |
||
| 999 |
_c111892 _d111892 |
||